| 000 | 00618nam a22001937a 4500 | ||
|---|---|---|---|
| 999 |
_c10140 _d10140 |
||
| 003 | AR-CdUCM | ||
| 008 | 190329b ||||| |||| 00| 0 spa d | ||
| 040 |
_aMUNICIPALIDAD PROVINCIAL DEL CUSCO _cBIBLIOTECA MUNICIPAL DEL CUSCO |
||
| 082 |
_aES / 800 / _bV52 |
||
| 100 |
_aVerme, Julio _926816 |
||
| 245 | _aMatias Sandorf / | ||
| 260 |
_aBarcelona : _bMolino, _c1962. |
||
| 300 |
_a318 páginas ; _c20 cm. |
||
| 440 |
_aColección molino _926817 |
||
| 505 | _aContenido: La paloma mensajera -- La banca toronthal -- El mensaje cifrado... | ||
| 650 |
_aObras literarias. _9403 |
||
| 942 |
_2ddc _cLIBROS |
||
| 945 | _awfj | ||